Dětská dílna - jednoduché vyřezávání : snadné projekty pro děti od 6 let /

Hlavní autor: Grün, Mareike
Další autoři: Danko, Pavel
Jazyk: Čeština
Vydáno: Praha : Grada Publishing, 2017
Vydání: První vydání
Témata:
Fyzický popis: 80 stran : ilustrace (převážně barevné) ; 24 cm
Knihy
Uloženo v:
LEADER 02028nam a2200577 i 4500
001 nkc20172932878
003 CZ PrNK
005 20171103080457.0
007 ta
008 170914s2017 xr a c f 000 0 cze
015 |a cnb002932878 
020 |a 978-80-271-0399-7  |q (brožováno) 
035 |a (OCoLC)1015186851 
040 |a OLA001  |b cze  |e rda 
041 1 |a cze  |h ger 
072 7 |a 74  |x Kresba. Umělecká řemesla  |2 Konspekt  |9 21 
072 7 |a 0/9-053.2  |x Literatura pro děti a mládež (naučná)  |2 Konspekt  |9 26 
080 |a 745.51  |2 MRF 
080 |a 674.5  |2 MRF 
080 |a (035)  |2 MRF 
080 |a (084.11)  |2 MRF 
080 |a (0.053.2)  |2 MRF 
100 1 |a Grün, Mareike  |7 xx0211514  |4 aut 
240 1 0 |a Komm, wir schnitzen.  |l Česky 
245 1 0 |a Dětská dílna - jednoduché vyřezávání :  |b snadné projekty pro děti od 6 let /  |c Mareike Grün ; překlad: Pavel Danko 
246 3 |a Dětská dílna 
246 3 0 |a Jednoduché vyřezávání 
250 |a První vydání 
264 1 |a Praha :  |b Grada Publishing,  |c 2017 
300 |a 80 stran :  |b ilustrace (převážně barevné) ;  |c 24 cm 
336 |a text  |b txt  |2 rdacontent 
337 |a bez média  |b n  |2 rdamedia 
338 |a svazek  |b nc  |2 rdacarrier 
500 |a Přeloženo z němčiny 
650 0 7 |a výtvarné práce ze dřeva  |7 ph208147  |2 czenas 
650 0 7 |a dřevěné výrobky  |7 ph119754  |2 czenas 
650 0 9 |a woodcraft  |2 eczenas 
650 0 9 |a wood products  |2 eczenas 
655 7 |a příručky  |7 fd133209  |2 czenas 
655 7 |a obrazové publikace  |7 fd132947  |2 czenas 
655 7 |a publikace pro děti  |7 fd133156  |2 czenas 
655 9 |a handbooks and manuals  |2 eczenas 
655 9 |a pictorial works  |2 eczenas 
655 9 |a children's literature  |2 eczenas 
700 1 |a Danko, Pavel  |7 xx0146844  |4 trl 
910 2 |a BOA001  |b 2-1395.941 
928 9 |a Grada Publishing - Bambook 
990 |a BK 
995 |a 01 
991 |b 201710  |c NOV 
996 6 |b 2610721399  |c 2-1395.941  |l MZK  |r Sklad / do 1 hodiny  |n 1  |p p.v.  |w 001634713  |u 000010  |a 1  |e BOA001  |j MZK50  |s P